000 00554nam a2200169 i 4500
001 134234
003 ES-MaACL
005 20230906194629.0
007 t|
008 070907s1949 sp ||||1| spa d
100 1 _aWasmann, Erico.
_9116150
245 1 0 _aMi Dios y mi todo
_b: considereaciones sobre las verdades de la fe /
_cpor Erico Wasmann ; traducción del alemán por Leandro Brunet.
260 _aSantander :
_bSal Terrae,
_c1949.
300 _a130 p. ;
_c17 cm.
700 1 _aBrunet, Leandro.
_932163
852 _aES-MaACL
_j1912-F-3
_bR.29897
999 _c134234
_d134234